• 首页
  • 本馆介绍
  • 公告通知
  • 最新文献
  • 馆藏检索
  • 电子资源
  • 读者导购
  • 参考咨询
  • 我的图书馆
  • 登录
  • 详细信息显示
  • 放入我的书架
  • 预约/预借图书
  • 作者相关作品
  • 分类相关作品
  • 丛书相关作品
  • 出版社相关作品

书目信息

  • 表格格式
  • 工作单格式
  • 卡片格式
题名:
中国食品工业产供销信息大全
    
 
作者: 赵振昌 编
分册:  
出版信息: 北京   中国轻工业出版社  2008.01
页数: 437页
开本: 28cm
丛书名:
单 册:
中图分类: F426.82
科图分类:
主题词: 工业经济--中国
电子资源:
ISBN: 978-7-5019-6304-1
000 00647nam0 2200205 450
001 0937946058
005 20091216103520.59
010    @a978-7-5019-6304-1@dCNY198.00
100    @a20091216d2008 km y0chiy0120 ea
101 0  @achi
102    @aCN@b110000
200 1  @a中国食品工业产供销信息大全@Azhong guo shi pin gong ye chan gong xiao xin xi da quan@f赵振昌编@Fzhao zhen chang bian
210    @a北京@c中国轻工业出版社@d2008.01
215    @a437页@d28cm
300    @a2008年版
606 0  @a工业经济@x中国
690    @aF426.82@v4
701  0 @a赵振昌@Azhao zhen chang@4编
801  0 @aCN@b山东省滨州职业学院图书馆@c20091216
905    @aBZT@dF426.82@e10
    
    中国食品工业产供销信息大全/赵振昌编.-北京:中国轻工业出版社,2008.01
    437页;28cm
    2008年版
    
    ISBN 978-7-5019-6304-1:CNY198.00
    
●
相关链接 在五车中查询图书 在当当中查询图书 在豆瓣中查询图书


正题名:中国食品工业产供销信息大全     索取号:F426.82/10         预约/预借

序号 登录号 条形码 馆藏地/架位号 状态 备注
1 727624   2000727624   样本书库/样002架B面5层1列/ [索取号:F426.82/10] 在馆    
2 727625   2000727625   中心书库北库/ 北库017架B面5列3层14/ [索取号:F426.82/10] 在馆    
3 727626   2000727626   中心书库北库/ 北库017架B面5列3层12/ [索取号:F426.82/10] 在馆    
4 727627   2000727627   中心书库北库/ 北库017架B面5列3层13/ [索取号:F426.82/10] 在馆    
5 727628   2000727628   中心书库北库/ 北库017架B面5列3层15/ [索取号:F426.82/10] 在馆    
6 727629   2000727629   中心书库北库/ 北库017架B面5列3层16/ [索取号:F426.82/10] 在馆    
7 748186   2000748186   中心书库北库/ 北库017架A面4列6层40/ [索取号:F426.82/10] 在馆    
8 748187   2000748187   中心书库北库/ 北库017架A面4列6层39/ [索取号:F426.82/10] 在馆    
9 748188   2000748188   中心书库北库/ 北库017架A面4列6层43/ [索取号:F426.82/10] 在馆    
10 748189   2000748189   中心书库北库/ 北库017架A面4列6层42/ [索取号:F426.82/10] 在馆    
11 748190   2000748190   中心书库北库/ 北库017架A面4列6层45/ [索取号:F426.82/10] 在馆    
12 748191   2000748191   中心书库北库/ 北库017架A面4列6层44/ [索取号:F426.82/10] 在馆    
13 748192   2000748192   中心书库北库/ 北库017架A面4列6层41/ [索取号:F426.82/10] 在馆    
14 748193   2000748193   中心书库北库/ 北库017架A面4列6层38/ [索取号:F426.82/10] 在馆    
15 748194   2000748194   中心书库北库/ 北库017架A面4列6层37/ [索取号:F426.82/10] 在馆    
16 750184   2000750184   中心书库北库/ 北库018架A面2列4层5/ [索取号:F426.82/10] 在馆    
17 750185   2000750185   中心书库北库/ 北库018架A面2列4层6/ [索取号:F426.82/10] 在馆    
18 750186   2000750186   中心书库北库/ 北库018架A面2列4层1/ [索取号:F426.82/10] 在馆    
19 750187   2000750187   中心书库北库/ 北库018架A面2列4层2/ [索取号:F426.82/10] 在馆    
20 750188   2000750188   中心书库北库/ 北库018架A面2列4层3/ [索取号:F426.82/10] 在馆    
21 750189   2000750189   中心书库北库/ 北库018架A面2列4层4/ [索取号:F426.82/10] 在馆    
22 750190   2000750190   中心书库北库/ 北库018架A面2列4层8/ [索取号:F426.82/10] 在馆    
23 750191   2000750191   中心书库北库/ 北库017架B面5列3层11/ [索取号:F426.82/10] 在馆    
24 750192   2000750192   中心书库北库/ 北库018架A面2列4层7/ [索取号:F426.82/10] 在馆    
山东省滨州职业学院图书馆 欢迎您!
大连网信软件有限公司© 版权所有